<?xml version="1.0" encoding="UTF-8"?>
<record
    xmlns:xsi="http://www.w3.org/2001/XMLSchema-instance"
    xsi:schemaLocation="http://www.loc.gov/MARC21/slim http://www.loc.gov/standards/marcxml/schema/MARC21slim.xsd"
    xmlns="http://www.loc.gov/MARC21/slim">

  <leader>01121cam a22002297a 4500</leader>
  <datafield tag="999" ind1=" " ind2=" ">
    <subfield code="c">7289</subfield>
    <subfield code="d">7289</subfield>
  </datafield>
  <controlfield tag="003">OSt</controlfield>
  <controlfield tag="005">20200310152749.0</controlfield>
  <controlfield tag="008">200310e201911  spca          000 0dcat|d</controlfield>
  <datafield tag="017" ind1=" " ind2=" ">
    <subfield code="a">DL B 22056-2019</subfield>
    <subfield code="b">Biblioteca de Catalunya</subfield>
  </datafield>
  <datafield tag="020" ind1=" " ind2=" ">
    <subfield code="a">9788429778021</subfield>
  </datafield>
  <datafield tag="040" ind1=" " ind2=" ">
    <subfield code="a">ES-BaBAB</subfield>
    <subfield code="b">cat</subfield>
    <subfield code="c">CDMR</subfield>
  </datafield>
  <datafield tag="100" ind1="1" ind2=" ">
    <subfield code="a">Roig, Montserrat</subfield>
    <subfield code="d">1946-1991,</subfield>
    <subfield code="9">2620</subfield>
  </datafield>
  <datafield tag="245" ind1="1" ind2="0">
    <subfield code="a">Retrats paral&#xB7;lels</subfield>
    <subfield code="b">: una antologia /</subfield>
    <subfield code="c">Montserrat Roig ; tria i pr&#xF2;leg de Gemma Ruiz i Albert Forns ; fotografies de Pilar Aymerich</subfield>
  </datafield>
  <datafield tag="260" ind1=" " ind2=" ">
    <subfield code="a">Barcelona :</subfield>
    <subfield code="b">Edicions 62,</subfield>
    <subfield code="c">2019</subfield>
  </datafield>
  <datafield tag="300" ind1=" " ind2=" ">
    <subfield code="a">231 p. ;</subfield>
    <subfield code="c">22 cm</subfield>
  </datafield>
  <datafield tag="505" ind1="8" ind2=" ">
    <subfield code="a">Cont&#xE9; les entrevistes a: Pau Riba, Avel&#xB7;l&#xED; Art&#xED;s Gener, Maria Aur&#xE8;lia Capmany, Pere Calders, Clementina Arderiu, Eugeni Xammar, Josep Pla, Antoni T&#xE0;pies, Miquel Mart&#xED; i Pol, Mary Santpere, Josep Maria Flotats, Merc&#xE8; Rodoreda, Lloren&#xE7; Villalonga, Maria del Mar Bonet, Oriol Bohigas, Joan Brossa, Joan Fuster i Vicent Andr&#xE9;s Estell&#xE9;s </subfield>
  </datafield>
  <datafield tag="650" ind1=" " ind2="7">
    <subfield code="a">Escriptors catalans</subfield>
    <subfield code="y">S. XX</subfield>
    <subfield code="x">Intervius</subfield>
    <subfield code="2">lemac</subfield>
    <subfield code="9">3291</subfield>
  </datafield>
  <datafield tag="700" ind1="1" ind2=" ">
    <subfield code="a">Ruiz, Gemma,</subfield>
    <subfield code="d">1975-</subfield>
  </datafield>
  <datafield tag="700" ind1="1" ind2=" ">
    <subfield code="a">Forns, Albert,</subfield>
    <subfield code="d">1982-</subfield>
  </datafield>
  <datafield tag="700" ind1="1" ind2=" ">
    <subfield code="a">Aymerich, Pilar</subfield>
    <subfield code="d">1943-</subfield>
    <subfield code="9">2104</subfield>
  </datafield>
  <datafield tag="942" ind1=" " ind2=" ">
    <subfield code="c">MON</subfield>
  </datafield>
  <datafield tag="952" ind1=" " ind2=" ">
    <subfield code="0">0</subfield>
    <subfield code="1">0</subfield>
    <subfield code="4">0</subfield>
    <subfield code="7">0</subfield>
    <subfield code="a">CDMR</subfield>
    <subfield code="b">CDMR</subfield>
    <subfield code="d">2020-03-10</subfield>
    <subfield code="e">Intercanvi</subfield>
    <subfield code="g">19.00</subfield>
    <subfield code="l">6</subfield>
    <subfield code="m">2</subfield>
    <subfield code="o">Du 6/104</subfield>
    <subfield code="p">CDMR20030005</subfield>
    <subfield code="r">2023-12-11</subfield>
    <subfield code="s">2023-11-16</subfield>
    <subfield code="v">19.00</subfield>
    <subfield code="w">2020-03-10</subfield>
    <subfield code="y">MON</subfield>
  </datafield>
</record>
